Adolescentes mexicanos en la migración exterior (Record no. 125699)

MARC details
000 -CABECERA
campo de control de longitud fija 00591nab a2200217 a 4500
005 - FECHA Y HORA DE LA ÚLTIMA TRANSACCIÓN
campo de control 20221126064353.0
008 - ELEMENTOS DE LONGITUD FIJA--INFORMACIÓN GENERAL
campo de control de longitud fija 991125s1985 mx 000 0 spa u
035 ## - NÚMERO DE CONTROL DEL SISTEMA
Número de control de sistema UPN01000153578
100 1# - ASIENTO PRINCIPAL--NOMBRE PERSONAL
Nombre de persona LOPEZ CASTRO, Gustavo
222 ## - TÍTULO CLAVE
Título clave ETHOS EDUCATIVO
245 ## - MENCIÓN DE TÍTULO
Título Adolescentes mexicanos en la migración exterior
260 ## - PUBLICACIÓN, DISTRIBUCIÓN, ETC.
Lugar de publicación, distribución, etc. Morelia, México
300 ## - DESCRIPCIÓN FÍSICA
Extensión 61-78
362 0# - FECHAS DE PUBLICACIÓN Y/O DESIGNACIÓN SECUENCIAL
Fecha de publicación y/o designación secuencial 2006 2a época, año 11, nos. 36-37
650 #4 - ASIENTO SECUNDARIO DE MATERIA - TERMINO TEMATICO
Término de materia o nombre geográfico como elemento de entrada MIGRACION
650 #0 - ASIENTO SECUNDARIO DE MATERIA - TERMINO TEMATICO
Término de materia o nombre geográfico como elemento de entrada Adolescentes
9 (RLIN) 1014
650 #2 - ASIENTO SECUNDARIO DE MATERIA - TERMINO TEMATICO
Término de materia o nombre geográfico como elemento de entrada Niños
9 (RLIN) 18906
650 #2 - ASIENTO SECUNDARIO DE MATERIA - TERMINO TEMATICO
Término de materia o nombre geográfico como elemento de entrada Socialización
9 (RLIN) 7257
905 ## - TIPO DE MATERIAL
Tipo de material Articulo

No items available.